| 000 | 00580cam a2200241ua 4500 | ||
|---|---|---|---|
| 020 |
_a81-219-0135-9 _c85.00 |
||
| 041 |
_aeng _h |
||
| 082 |
_a532 _bKHU/TE |
||
| 100 | _aKhurmi, R S. | ||
| 245 |
_aText book of hydraulics / _cR S Khurmi. _hTextual Documents |
||
| 250 |
_a16 / _b. |
||
| 260 |
_aNew Delhi : _bS.Chand and Co , _c1995. |
||
| 300 | _a630 ; . | ||
| 365 | _a85.00 | ||
| 500 | _a19016-18 Scheme | ||
| 504 | _a | ||
| 942 | _cBK | ||
| 999 |
_c7394 _d7394 |
||